[Event "Championnat de France 2022 Accession"]
[Site "ALBI, France"]
[Date "2022.08.13"]
[Round "1.1"]
[White "Villegas, Pierre"]
[Black "Degraeve, Jean-Marc"]
[Result "1/2-1/2"]
[WhiteElo "2274"]
[BlackElo "2508"]
[PlyCount "92"]
[EventDate "2022.??.??"]

1. d4 {5} d5 {192} 2. Nf3 {116} c5 {203} 3. dxc5 {13} e6 {96} 4. b4 {176} b6 {
956} 5. cxb6 {325} Bxb4+ {61} 6. c3 {8} Bc5 {115} 7. bxa7 {44} Nc6 {50} 8. e3 {
176} Nf6 {23} 9. Nbd2 {977} O-O {101} 10. Bd3 {83} Rxa7 {189} 11. O-O {141} Ba6
{51} 12. Bxa6 {281} Rxa6 {6} 13. c4 {35} Qa8 {394} 14. Bb2 {247} Be7 {6} 15.
cxd5 {496} Nxd5 {30} 16. Nc4 {26} Rxa2 {390} 17. Qb3 {205} Rxa1 {123} 18. Rxa1
{7} Qb8 {19} 19. Qxb8 {80} Rxb8 {8} 20. Nfe5 {143} Nxe5 {132} 21. Bxe5 {263}
Rc8 {11} 22. Nd6 {340} Bxd6 {45} 23. Bxd6 {23} h5 {179} 24. e4 {644} Nc3 {211}
25. f3 {18} Nb5 {22} 26. Bg3 {295} Rc2 {54} 27. h4 {211} f6 {84} 28. Bf2 {444}
e5 {57} 29. Kf1 {74} Kh7 {35} 30. Re1 {105} Nc7 {255} 31. Re2 {51} Rc1+ {55}
32. Re1 {9} Rc6 {8} 33. Be3 {71} Ne6 {23} 34. Re2 {71} Nf8 {188} 35. Kf2 {27}
Ng6 {32} 36. g3 {5} Ne7 {26} 37. Rd2 {63} Nc8 {13} 38. Ke2 {69} Nd6 {30} 39.
Rd5 {124} Kg6 {213} 40. Rc5 {52} Ra6 {18} 41. Rc2 {21} Nf7 {275} 42. Rd2 {172}
Nd6 {192} 43. Rc2 {164} Ne8 {98} 44. Rd2 {49} Kf7 {13} 45. Rb2 {21} Nd6 {133}
46. Bc5 {75} Rc6 {16} 1/2-1/2

[Event "Championnat de France 2022 Accession"]
[Site "ALBI, France"]
[Date "2022.08.13"]
[Round "1.2"]
[White "Velten, Paul"]
[Black "Viel, Simon"]
[Result "1-0"]
[WhiteElo "2495"]
[BlackElo "2274"]
[PlyCount "73"]
[EventDate "2022.??.??"]

1. d4 {7} Nf6 {31} 2. c4 {53} g6 {86} 3. Nc3 {37} d5 {6} 4. cxd5 {24} Nxd5 {6}
5. e4 {8} Nxc3 {5} 6. bxc3 {4} Bg7 {11} 7. Nf3 {20} c5 {6} 8. Bb5+ {24} Nc6 {20
} 9. Rb1 {148} O-O {192} 10. d5 {142} Ne5 {8} 11. Nxe5 {80} Bxe5 {207} 12. O-O
{15} Bxc3 {96} 13. Be3 {74} b6 {846} 14. Qc1 {1077} Be5 {1356} 15. Bc6 {243}
Ba6 {690} 16. Rd1 {54} Rb8 {479} 17. Bh6 {88} Bg7 {16} 18. Bf4 {75} Rc8 {324}
19. Qa3 {15} e5 {888} 20. Be3 {506} Be2 {23} 21. Re1 {30} Bd3 {115} 22. Rbd1 {
255} Bxe4 {121} 23. Qxa7 {75} Bf5 {132} 24. Qa4 {11} e4 {221} 25. h3 {137} Be5
{111} 26. Bh6 {113} Qh4 {76} 27. Bxf8 {18} Rxf8 {42} 28. d6 {73} Bd4 {97} 29.
Rxd4 {18} cxd4 {2} 30. Qxd4 {8} Rd8 {61} 31. Qe5 {36} Qh6 {58} 32. Qf6 {196}
Qf8 {26} 33. Bd5 {18} Rxd6 {43} 34. Bxf7+ {8} Qxf7 {3} 35. Qxd6 {4} Qxa2 {55}
36. Rc1 {13} Be6 {29} 37. Qxb6 {100} 1-0

[Event "Championnat de France 2022 Accession"]
[Site "ALBI, France"]
[Date "2022.08.13"]
[Round "1.3"]
[White "Kuhn, Clement"]
[Black "Laurent-Paoli, Pierre"]
[Result "0-1"]
[WhiteElo "2273"]
[BlackElo "2495"]
[PlyCount "110"]
[EventDate "2022.??.??"]

1. e4 {3} c6 {91} 2. Nf3 {49} d5 {28} 3. Nc3 {11} dxe4 {40} 4. Nxe4 {2} Nf6 {7}
5. Nxf6+ {73} exf6 {73} 6. Bc4 {29} Be7 {386} 7. O-O {316} Bg4 {547} 8. d4 {700
} O-O {19} 9. c3 {481} Nd7 {296} 10. Re1 {396} b5 {267} 11. Bd3 {114} Nb6 {400}
12. Qe2 {552} Nd5 {665} 13. a4 {165} a6 {112} 14. Be4 {444} Re8 {648} 15. Qc2 {
132} h6 {386} 16. h3 {11} Bd7 {199} 17. Bd2 {173} Bf8 {119} 18. b3 {356} Qc7 {
177} 19. Nh4 {379} Rab8 {571} 20. axb5 {13} axb5 {7} 21. c4 {272} bxc4 {71} 22.
bxc4 {12} Nb4 {164} 23. Qa4 {417} g5 {474} 24. c5 {596} Nd5 {63} 25. Nf3 {21}
Be6 {42} 26. Qc2 {75} Ra8 {110} 27. Bh7+ {50} Kh8 {45} 28. Rxa8 {77} Rxa8 {3}
29. Bf5 {13} Bxf5 {52} 30. Qxf5 {1} Kg7 {48} 31. h4 {197} Qc8 {30} 32. Qxc8 {42
} Rxc8 {3} 33. Ra1 {32} g4 {128} 34. Ne1 {5} f5 {4} 35. Nd3 {5} Be7 {5} 36. Ne5
{188} Bxh4 {79} 37. Ra6 {38} Ne7 {10} 38. Bf4 {78} Bf6 {25} 39. Ra7 {16} h5 {36
} 40. Nc4 {59} Kg6 {124} 41. Bd6 {356} Nd5 {386} 42. Be5 {566} h4 {281} 43. g3
{565} hxg3 {235} 44. fxg3 {10} Bg5 {269} 45. Rxf7 {152} Kxf7 {58} 46. Nd6+ Ke6
{18} 47. Nxc8 {1} Be3+ {45} 48. Kf1 {17} Nc3 {35} 49. Nd6 {96} Ne4 {173} 50.
Ke2 {123} Bg5 {47} 51. Kd3 {178} Nxd6 {166} 52. cxd6 {5} Kd5 {71} 53. d7 {46}
Bd8 {124} 54. Bf4 {24} Ke6 {44} 55. Be5 {113} Kxd7 {12} 0-1

[Event "Championnat de France 2022 Accession"]
[Site "ALBI, France"]
[Date "2022.08.13"]
[Round "1.4"]
[White "Sochacki, Christophe"]
[Black "Cotonnec, Melkior"]
[Result "1/2-1/2"]
[WhiteElo "2480"]
[BlackElo "2269"]
[PlyCount "76"]
[EventDate "2022.??.??"]

1. e4 {25} c6 {241} 2. d4 {24} d5 {2} 3. e5 {6} c5 {50} 4. dxc5 {11} e6 {22} 5.
a3 {584} Bxc5 {109} 6. b4 {3} Bb6 {33} 7. Bb2 {17} Ne7 {69} 8. Nf3 {21} Nbc6 {
266} 9. Bd3 {416} Ng6 {194} 10. g3 {168} O-O {193} 11. h4 {735} f6 {828} 12.
Bxg6 {368} hxg6 {3} 13. h5 {772} Nxe5 {751} 14. hxg6 {957} Nxg6 {82} 15. Qd3 {5
} Kf7 {641} 16. Nc3 {7} e5 {688} 17. Qxd5+ {13} Qxd5 {9} 18. Nxd5 {2} Bf5 {18}
19. c4 {605} Be4 {56} 20. Nxb6 {19} axb6 {66} 21. Ke2 {4} Rac8 {61} 22. Rhc1 {
221} Rfd8 {164} 23. Nd2 {355} Bd3+ {2} 24. Kf3 {7} Ne7 {273} 25. Rc3 {73} Nf5 {
247} 26. Rac1 {20} Nd4+ {336} 27. Ke3 {2} Nf5+ {7} 28. Kf3 {1} Nd4+ {510} 29.
Ke3 {1} Nf5+ {6} 30. Kf3 {31} e4+ {1} 31. Kg2 Nd4 32. Re1 Ne2 {2} 33. Rb3 Nd4
34. Rc3 {2} Nc2 {18} 35. Rc1 {11} e3 {4} 36. fxe3 {3} Nxe3+ {2} 37. Kf3 {11}
Nf5 {194} 38. Kg2 {2} Nd4 {44} 1/2-1/2

[Event "Championnat de France 2022 Accession"]
[Site "ALBI, France"]
[Date "2022.08.13"]
[Round "1.5"]
[White "Mekhane, Adam"]
[Black "Duboue, Peio"]
[Result "1/2-1/2"]
[WhiteElo "2263"]
[BlackElo "2443"]
[PlyCount "99"]
[EventDate "2022.??.??"]

1. e4 {386} d6 {11} 2. d4 {24} Nf6 {4} 3. Nc3 {4} e5 {3} 4. Nf3 {84} exd4 {66}
5. Nxd4 {83} Be7 {5} 6. Be2 {239} O-O {83} 7. O-O {103} Re8 {129} 8. Re1 {200}
Bf8 {79} 9. Bf1 {144} Nbd7 {200} 10. Bg5 {229} c6 {326} 11. Qd2 {454} h6 {183}
12. Bh4 {161} Ne5 {258} 13. h3 {859} Ng6 {257} 14. Bg3 {74} Nh5 {111} 15. Bh2 {
21} Qg5 {379} 16. Qxg5 {661} hxg5 {18} 17. a4 {255} a5 {102} 18. Bc4 {175} Ne5
{506} 19. Bb3 {146} g6 {113} 20. Nd1 {263} Nd7 {203} 21. Nc3 {311} Nc5 {67} 22.
Ba2 {49} Ra6 {975} 23. Rad1 {78} Rb6 {514} 24. Nb3 {103} Nxb3 {207} 25. Bxb3 {
12} Be6 {36} 26. Bxe6 {31} Rxe6 {28} 27. b3 {45} Bg7 {264} 28. Nb1 {214} d5 {27
} 29. Bc7 {143} Ra6 {4} 30. exd5 {72} cxd5 {41} 31. Na3 {141} Bc3 {445} 32. Re3
{198} Rxe3 {293} 33. fxe3 {5} Rc6 {161} 34. Nb5 {64} Bb4 {172} 35. Rxd5 {76}
Rxc2 {7} 36. Be5 {259} f6 {49} 37. Bd4 {40} Ng3 {27} 38. Rd8+ {128} Kf7 {1} 39.
Rd7+ {6} Ke6 {157} 40. Rc7 {38} Ne2+ {69} 41. Kf1 {303} Ng3+ {5} 42. Kg1 {4}
Rc1+ {538} 43. Kh2 {714} Ne2 {316} 44. Rxb7 {628} Be1 {4} 45. g4 {27} Rc2 {142}
46. Kh1 {81} f5 {827} 47. Rc7 {117} Rd2 {224} 48. Bc3 {64} Nxc3 {45} 49. Rxc3 {
3} f4 {5} 50. Rc7 {8} 1/2-1/2

[Event "Championnat de France 2022 Accession"]
[Site "ALBI, France"]
[Date "2022.08.13"]
[Round "1.6"]
[White "Boyer, Mahel"]
[Black "Rodriguez, Adrien"]
[Result "1/2-1/2"]
[WhiteElo "2432"]
[BlackElo "2263"]
[PlyCount "214"]
[EventDate "2022.??.??"]

1. d4 {156} d5 {32} 2. c4 {44} e6 {10} 3. Nc3 {57} Be7 {129} 4. Nf3 {6} Nf6 {5}
5. g3 {8} O-O {16} 6. Bg2 {3} a6 {298} 7. O-O {28} Nbd7 {1074} 8. Ne5 {671} c6
{412} 9. e4 {33} dxe4 {688} 10. Nxe4 {14} Nxe5 {94} 11. dxe5 {11} Nxe4 {2} 12.
Bxe4 {14} Qc7 {46} 13. Bf4 {477} Rd8 {337} 14. Qg4 {282} Bd7 {196} 15. Rad1 {
118} Be8 {143} 16. h4 {695} Rxd1 {666} 17. Rxd1 {739} Rd8 {4} 18. h5 {23} Rxd1+
{1184} 19. Qxd1 {42} Qd7 {5} 20. Qc2 {156} g6 {45} 21. Be3 {45} Qc7 {214} 22.
Qb3 {508} b5 {64} 23. cxb5 {87} axb5 {129} 24. f4 {298} c5 {10} 25. Qc2 {4} c4
{184} 26. a3 {275} Bf8 {41} 27. Qg2 {150} b4 {54} 28. axb4 {46} Bxb4 {4} 29.
Qc2 {9} Kg7 {143} 30. Kh2 {160} Bb5 {13} 31. Bd4 {48} Qd8 {24} 32. Qf2 {4} Be1
{62} 33. Qe3 {6} Qa5 {5} 34. h6+ {32} Kg8 {86} 35. Bc3 {43} Bxc3 {4} 36. bxc3 {
4} Qd8 {55} 37. Qc5 {16} Ba6 {39} 38. Qc6 {593} Bc8 {4} 39. Qxc4 {31} Qf8 {3}
40. Kg2 {15} Bd7 {7} 41. Qd4 {165} Bc8 {20} 42. c4 {97} Qxh6 {27} 43. c5 {162}
Qf8 {237} 44. c6 {192} Kg7 {34} 45. Qd6 {54} Ba6 {63} 46. c7 {761} Bc8 {486}
47. g4 {794} h6 {9} 48. g5 {69} h5 {5} 49. Kh3 {128} Qe8 {67} 50. Bc6 {13} Qf8
{4} 51. Kh4 {27} Kg8 {318} 52. Qd8 {8} Kg7 {8} 53. Be8 {40} Bb7 {24} 54. Qd7 {
123} Ba6 {55} 55. Qd6 {94} Bc8 {18} 56. Qd8 {4} Bb7 {12} 57. c8=Q Bxc8 58. Qxc8
{3} Qb4 {13} 59. Qc1 {5} Qe4 {146} 60. Qf1 {96} Qa8 {355} 61. Bb5 {26} Qe4 {59}
62. Be2 {13} Qe3 {38} 63. Qf3 {13} Qg1 {14} 64. Kh3 {10} Kh7 {63} 65. Bf1 {16}
Kg7 {16} 66. Bg2 {18} Qe1 {36} 67. Qg3 {22} Qg1 {20} 68. Qd3 {67} Qe1 {23} 69.
Qe4 {44} Qf2 {11} 70. Kh2 {38} Kh7 {17} 71. Qf3 {12} Qe1 {29} 72. Qg3 {7} Qc1 {
31} 73. Qf2 {4} Kg7 {60} 74. Bf1 {12} Kh7 {48} 75. Bd3 {6} Kg7 {17} 76. Be4 {2}
Kf8 {125} 77. Kg3 {13} Qc3+ {17} 78. Bf3 {9} Kg7 {19} 79. Qe2 {44} Qd4 {44} 80.
Bg2 {6} Qc3+ {34} 81. Kf2 {10} Qd4+ {25} 82. Qe3 {1} Qb2+ {9} 83. Kg3 Qb4 {43}
84. Bf3 {12} Qb1 {33} 85. Be4 {19} Qd1 {9} 86. Bd3 {30} Qb3 {127} 87. Qd4 {92}
Qd1 {23} 88. Qe3 {83} Qb3 {11} 89. Kf2 {9} Qb2+ {26} 90. Be2 {18} Qb4 {24} 91.
Bd1 {46} Qc4 {22} 92. Bb3 {4} Qb4 {18} 93. Kg3 {28} Kg8 {38} 94. Kf3 {48} Qb7+
{24} 95. Ke2 {6} Qb4 {69} 96. Kd1 {18} Qb5 {57} 97. Kc2 {15} Qc6+ {56} 98. Kb2
{21} Qg2+ {27} 99. Kc3 {12} Qf1 {110} 100. Bc4 {47} Qg2 {72} 101. Bd3 {26} Qc6+
{23} 102. Bc4 {4} Qg2 {4} 103. Qd4 {3} Qg3+ {58} 104. Kb4 {10} Qe1+ {8} 105.
Ka4 {10} Qc1 {70} 106. Kb5 {119} Qb1+ {28} 107. Kc6 {57} Qh1+ {33} 1/2-1/2

[Event "Championnat de France 2022 Accession"]
[Site "ALBI, France"]
[Date "2022.08.13"]
[Round "1.7"]
[White "Dalaud, Dorian"]
[Black "Loiseau, Quentin"]
[Result "1-0"]
[WhiteElo "2259"]
[BlackElo "2432"]
[PlyCount "67"]
[EventDate "2022.??.??"]

1. e4 {160} c5 {11} 2. Nf3 {6} e6 {15} 3. d4 {6} cxd4 {3} 4. Nxd4 {7} Nf6 {3}
5. Nc3 {40} Nc6 {5} 6. Ndb5 {109} d6 {16} 7. Bf4 {16} e5 {4} 8. Bg5 {7} a6 {3}
9. Na3 {7} b5 {3} 10. Nd5 {269} Be7 {33} 11. Bxf6 {10} Bxf6 {4} 12. c4 {452} b4
{54} 13. Nc2 {6} O-O {8} 14. g3 {86} Bg5 {290} 15. Bg2 {89} Qa5 {68} 16. O-O {
85} Qc5 {8} 17. Qd3 {663} a5 {495} 18. b3 {681} Be6 {493} 19. Rad1 {1089} Bd8 {
304} 20. Kh1 {304} Bb6 {328} 21. f4 {526} f6 {2517} 22. Nxb6 {202} Qxb6 {1} 23.
Qxd6 {8} Rfe8 {28} 24. Rd5 {169} Qa6 {868} 25. Rc5 {146} Rac8 {37} 26. fxe5 {61
} fxe5 {126} 27. Rxe5 {50} Bf7 {4} 28. Rxe8+ {404} Rxe8 {1} 29. Nd4 {82} Nb8 {
22} 30. e5 {40} Qxd6 {191} 31. exd6 {5} Na6 {3} 32. d7 {151} Rd8 {3} 33. Nc6 {6
} Rxd7 {16} 34. Ne5 {8} 1-0

[Event "Championnat de France 2022 Accession"]
[Site "ALBI, France"]
[Date "2022.08.13"]
[Round "1.8"]
[White "Degraeve, Remy"]
[Black "Le Goff, Damien"]
[Result "0-1"]
[WhiteElo "2419"]
[BlackElo "2256"]
[PlyCount "64"]
[EventDate "2022.??.??"]

1. e4 {3} c5 {34} 2. Nf3 {4} d6 {12} 3. d4 {3} cxd4 {17} 4. Nxd4 {4} Nf6 {9} 5.
Nc3 {3} a6 {13} 6. Rg1 {4} e5 {100} 7. Nb3 {3} h5 {789} 8. h3 {55} b5 {156} 9.
a4 {216} b4 {465} 10. Nd5 {14} Nxd5 {150} 11. Qxd5 {15} Ra7 {40} 12. Be3 {298}
Be6 {155} 13. Qa5 {575} Qxa5 {668} 14. Nxa5 {490} Rc7 15. O-O-O {400} b3 {1}
16. c3 {229} Be7 {59} 17. Bb6 {97} Rc8 {82} 18. Be2 {420} Nd7 {411} 19. Be3 {
358} O-O {930} 20. Bxh5 {879} Nc5 {69} 21. Bg4 {703} Nxe4 {46} 22. Bxe6 {8}
fxe6 {3} 23. Rgf1 {131} d5 {148} 24. Kb1 {252} Bc5 {310} 25. Bxc5 {491} Nxc5 {6
} 26. c4 {143} Nxa4 {286} 27. Rc1 {2} d4 {135} 28. Nxb3 {341} Rb8 {7} 29. Ka2
Rb4 {19} 30. Rc2 {731} Rfb8 {34} 31. Na5 {179} Nc3+ {38} 32. Rxc3 Rxb2+ 0-1

[Event "Championnat de France 2022 Accession"]
[Site "ALBI, France"]
[Date "2022.08.13"]
[Round "1.9"]
[White "Pucher, Sebastien"]
[Black "Marteria, Marco"]
[Result "1-0"]
[WhiteElo "2256"]
[BlackElo "2413"]
[PlyCount "83"]
[EventDate "2022.??.??"]

1. c4 {12} e5 {5} 2. Nc3 {54} Nf6 {4} 3. Nf3 {30} Nc6 {7} 4. e4 {20} Bb4 {50}
5. d3 {9} d6 {112} 6. a3 {82} Bxc3+ {133} 7. bxc3 {2} Nd7 {129} 8. g3 {1045}
Nc5 {172} 9. Nh4 {20} Qf6 {690} 10. Ng2 {550} Bh3 {386} 11. Ne3 {160} Bxf1 {15}
12. Kxf1 {120} O-O-O {422} 13. Kg2 {159} h5 {885} 14. h3 {662} h4 {50} 15. g4 {
89} Qe6 {206} 16. f3 {195} Qd7 {636} 17. Rb1 {1089} Ne7 {379} 18. Kh2 {347} f6
{394} 19. Rf1 {233} g6 {73} 20. Nd5 {707} Rdf8 21. Be3 f5 22. d4 Nxd5 23. cxd5
exd4 24. Bxd4 fxg4 25. Bxh8 g3+ 26. Kg2 Rxh8 27. Qd4 Qe8 28. Rbe1 g5 29. e5 Qg6
30. Qg4+ Kb8 31. f4 Qd3 32. Qf3 gxf4 33. e6 c6 34. dxc6 bxc6 35. Qxd3 Nxd3 36.
Rd1 Nf2 37. Rxd6 Rf8 38. Rb1+ Kc7 39. Rd7+ Kc8 40. e7 f3+ 41. Kf1 Re8 42. Rd8+
1-0

[Event "Championnat de France 2022  Accession"]
[Site "ALBI"]
[Date "2022.08.14"]
[Round "2.1"]
[White "Bujisho, Benjamin"]
[Black "Velten, Paul"]
[Result "1-0"]
[WhiteElo "2315"]
[BlackElo "2495"]
[PlyCount "153"]
[EventDate "2022.??.??"]

1. Nf3 {42} Nf6 {81} 2. g3 {64} d5 {59} 3. Bg2 {50} e6 {72} 4. d4 {69} b5 {46}
5. a4 {45} b4 {31} 6. c4 {28} bxc3 {59} 7. Nxc3 {5} Bb4 {675} 8. O-O {73} O-O {
57} 9. Ne5 {176} Ba6 {180} 10. Nd3 {389} Be7 {265} 11. e4 {1695} Nc6 {370} 12.
exd5 {253} Nxd5 {20} 13. Nxd5 {44} exd5 {6} 14. Re1 {44} Rb8 {278} 15. Be3 {470
} Bc4 {388} 16. Rc1 {372} Bd6 {312} 17. Ne5 {283} Nxe5 {562} 18. dxe5 {66} Bb4
{10} 19. Bd2 {162} c6 {65} 20. Bc3 {209} Bxc3 {46} 21. bxc3 {55} Rb2 {132} 22.
Qd4 {122} Qa5 {38} 23. h4 {41} Ra2 {84} 24. Ra1 {110} Rc2 {120} 25. Rec1 {236}
Re2 {57} 26. Bf3 {121} Rb2 {60} 27. Bg4 {288} Rfb8 {148} 28. h5 {51} h6 {57}
29. Re1 {97} c5 {435} 30. Qe3 {91} R2b3 {317} 31. e6 {76} d4 {22} 32. Qe5 {227}
Re8 {143} 33. cxd4 {42} Bxe6 {32} 34. Qxc5 {211} Qxc5 {290} 35. dxc5 {2} Kf8 {6
} 36. Bxe6 {16} fxe6 {3} 37. Reb1 {83} Reb8 {57} 38. Rxb3 {31} Rxb3 {3} 39. Rc1
{66} Ke7 {6} 40. c6 {23} Rb8 {51} 41. Rd1 {33} Rd8 {165} 42. Rb1 {88} Kf6 {369}
43. c7 {108} Rc8 {4} 44. Rb7 {2} a5 {21} 45. Kg2 {117} Ke5 {19} 46. Ra7 {36}
Kd6 {22} 47. g4 {132} Rxc7 {93} 48. Rxa5 {7} e5 {79} 49. Ra6+ {28} Kd5 {6} 50.
Rg6 {194} Ke4 {24} 51. g5 {92} hxg5 {26} 52. Rxg5 {3} Kf4 {19} 53. Rg3 {15} e4
{178} 54. a5 {66} Rc5 {603} 55. Ra3 {653} Rg5+ {168} 56. Kf1 {101} Rxh5 {5} 57.
a6 {7} Rh8 {3} 58. a7 {4} Ra8 {3} 59. Ke2 {130} Ke5 {492} 60. Ke3 {68} Kd5 {4}
61. Kf4 {123} Kc6 {53} 62. Kxe4 {34} Kb7 {4} 63. Kf5 {7} Rf8+ {37} 64. Kg6 {13}
Ka8 {3} 65. f3 {73} Rf6+ {10} 66. Kxg7 {5} Rf4 {4} 67. Kg6 {18} Rf8 {5} 68. Kg5
{21} Rg8+ {8} 69. Kf4 {23} Rh8 {25} 70. Kg3 {12} Rg8+ {6} 71. Kf2 {3} Rf8 {6}
72. Ra4 {7} Rf7 {109} 73. f4 {13} Rb7 {42} 74. Kf3 {12} Rb1 {9} 75. Kg4 {21}
Rg1+ {10} 76. Kf5 {4} Rf1 {19} 77. Kg5 {6} 1-0

[Event "Championnat de France 2022  Accession"]
[Site "ALBI"]
[Date "2022.08.14"]
[Round "2.2"]
[White "Laurent-Paoli, Pierre"]
[Black "Favarel, Julien"]
[Result "1-0"]
[WhiteElo "2298"]
[BlackElo "2298"]
[PlyCount "73"]
[EventDate "2022.??.??"]

1. d4 {79} Nf6 {6} 2. c4 {28} g6 {8} 3. Nc3 {40} Bg7 {6} 4. e4 {8} d6 {5} 5. f4
{39} c5 {49} 6. d5 {22} O-O {22} 7. Nf3 {9} e6 {31} 8. Be2 {17} exd5 {19} 9.
cxd5 {291} Nbd7 {97} 10. O-O {144} Re8 {72} 11. Qc2 {92} a6 {484} 12. a4 {83}
Qc7 {159} 13. Kh1 {465} c4 {440} 14. Nd2 {1632} Nc5 {451} 15. e5 {7} Bf5 {276}
16. Qd1 {7} Nfe4 {298} 17. Nxc4 {855} Nxc3 {1132} 18. bxc3 {4} Ne4 {53} 19. Ra3
{634} dxe5 {272} 20. fxe5 {100} Bxe5 {115} 21. Nxe5 {72} Qxe5 {11} 22. Bf4 {227
} Qe7 {639} 23. Rb3 {397} Qc5 {267} 24. Qe1 {571} Qxd5 {80} 25. c4 {9} Qc6 {167
} 26. Re3 {163} Nc5 {589} 27. Bf3 {119} Rxe3 {139} 28. Bxe3 {31} Be4 {48} 29.
Qh4 {43} Bxf3 {236} 30. Rxf3 {2} Ne4 {94} 31. Bd4 {32} h5 {29} 32. Qf4 {39} f5
{68} 33. Qh6 {34} Kf7 {35} 34. Qh7+ {10} Ke6 {28} 35. Qxg6+ {9} Kd7 {17} 36.
Qf7+ {32} Kd6 {21} 37. Rxf5 {41} 1-0

[Event "Championnat de France 2022  Accession"]
[Site "ALBI"]
[Date "2022.08.14"]
[Round "2.3"]
[White "Makkar, Rajat"]
[Black "Giroyan, Gary"]
[Result "1/2-1/2"]
[WhiteElo "2300"]
[BlackElo "2412"]
[PlyCount "129"]
[EventDate "2022.??.??"]

1. d4 {7} Nf6 {28} 2. c4 {15} g6 {5} 3. Nf3 {16} Bg7 {5} 4. Nc3 {6} O-O {4} 5.
e4 {6} d6 {9} 6. Be2 {6} Na6 {5} 7. Be3 {6} c6 {4} 8. O-O {127} e5 {67} 9. d5 {
7} Ng4 {5} 10. Bg5 {8} f6 {5} 11. Bc1 {8} c5 {6} 12. Ne1 {241} Nh6 {13} 13. Nd3
{93} f5 {5} 14. f4 {499} Nf7 {1326} 15. exf5 {782} gxf5 {818} 16. fxe5 {484}
dxe5 {5} 17. Qe1 {64} Nd6 {125} 18. b3 {230} f4 {1628} 19. Ba3 {475} Nb4 {13}
20. Rc1 {108} e4 {915} 21. Nxf4 {329} Qg5 22. Qg3 {556} Bd4+ {17} 23. Kh1 {1}
Qxg3 {6} 24. hxg3 {2} Bd7 {274} 25. Bh5 {631} Nd3 {259} 26. Nce2 {283} Be3 {395
} 27. Rcd1 {352} Nf2+ {29} 28. Rxf2 {1} Bxf2 29. Ne6 {16} Rf6 {66} 30. Bxc5 {16
} Be8 {113} 31. g4 {80} Bxh5 {53} 32. gxh5 {18} Bxc5 {42} 33. Nxc5 {1} Rf2 {19}
34. Nc3 {57} e3 {40} 35. Re1 {23} Nf5 {80} 36. N5e4 {115} Kf7 {36} 37. Kg1 {68}
Rf4 {31} 38. g3 {16} Rg8 {14} 39. Kg2 {176} Rf2+ {9} 40. Kh3 {291} Rf3 {12} 41.
Ne2 {47} Ke7 {640} 42. c5 {79} Kd8 {21} 43. b4 {136} a6 {347} 44. a4 {94} Re8 {
75} 45. Ng5 {569} Rf2 {27} 46. Ne6+ {27} Kd7 {39} 47. b5 {77} axb5 {283} 48.
axb5 {7} Rg8 {66} 49. N6d4 {531} Nxd4 {330} 50. Nxd4 {1} Rd2 {233} 51. c6+ {51}
Kc7 52. Ne6+ {111} Kb6 {32} 53. Nf4 {175} Re8 {35} 54. Kg4 {26} e2 {35} 55. Kf3
{29} Kxb5 56. Nxe2 {152} Rf8+ 57. Ke3 {207} Rxd5 58. cxb7 {84} Kc6 {39} 59. Rb1
{14} Re8+ {55} 60. Kf3 {39} Rb8 {13} 61. Nf4 {38} Rd7 {5} 62. Rc1+ {37} Kd6 {39
} 63. Re1 {90} Rbxb7 {45} 64. Re6+ {4} Kc5 {3} 65. Ke4 {14} 1/2-1/2

[Event "Championnat de France 2022  Accession"]
[Site "ALBI"]
[Date "2022.08.14"]
[Round "2.4"]
[White "Monroy, Charles"]
[Black "Valuet, Bertrand"]
[Result "1-0"]
[WhiteElo "2407"]
[BlackElo "2287"]
[PlyCount "83"]
[EventDate "2022.??.??"]

1. Nf3 {4} d5 {3} 2. d4 {14} Nf6 {7} 3. c4 {12} c6 {2} 4. Qb3 {30} e6 {142} 5.
Bg5 {108} h6 {177} 6. Bh4 {260} Be7 {407} 7. e3 {127} Ne4 {132} 8. Bxe7 {135}
Qxe7 {3} 9. Nc3 {163} Nd7 {245} 10. Bd3 {751} Nxc3 {52} 11. Qxc3 {133} dxc4 {
113} 12. Bxc4 {59} b6 {33} 13. O-O {447} O-O {154} 14. e4 {52} c5 {224} 15.
Rad1 {710} cxd4 {1479} 16. Qxd4 {61} Qc5 {727} 17. Rfe1 {146} Qxd4 {84} 18.
Nxd4 {113} Ne5 {165} 19. Bf1 {166} Rd8 {298} 20. Nb5 {1002} Rxd1 {32} 21. Rxd1
{3} Bb7 {4} 22. f3 {28} Rc8 {543} 23. Nxa7 {322} Rc2 {161} 24. Rd8+ {222} Kh7 {
2} 25. Rb8 {8} Rc7 {187} 26. Nb5 {200} Rd7 {8} 27. Nd6 {245} Bc6 {38} 28. Nb5 {
257} Bxb5 {401} 29. Bxb5 {5} Rd1+ {4} 30. Bf1 {156} Nc4 {57} 31. Kf2 {29} Nxb2
{24} 32. Rxb6 {39} Na4 {18} 33. Ra6 {104} Nc3 {102} 34. a4 {73} Ra1 {42} 35.
Bb5 {60} h5 {121} 36. Be8 {39} Ra2+ {22} 37. Ke3 {45} Rxg2 {39} 38. Bxf7 {37}
h4 {27} 39. Bxe6 {34} Rxh2 {170} 40. Bf5+ {33} Kg8 {38} 41. Bg6 {72} Kf8 {206}
42. Re6 {59} 1-0

[Event "Championnat de France 2022  Accession"]
[Site "ALBI"]
[Date "2022.08.14"]
[Round "2.5"]
[White "Defromont, Benjamin"]
[Black "Flom, Gabriel"]
[Result "0-1"]
[WhiteElo "2292"]
[BlackElo "2406"]
[PlyCount "104"]
[EventDate "2022.??.??"]

1. e4 {3} c5 {4} 2. Nf3 {8} Nc6 {4} 3. Bb5 {51} e6 {4} 4. Bxc6 {48} bxc6 {3} 5.
d3 {20} Ne7 {248} 6. Qe2 {54} d6 {21} 7. e5 {228} Nf5 {4} 8. exd6 {441} Bxd6 {
24} 9. Nbd2 {45} f6 {13} 10. O-O {417} O-O {8} 11. Ne4 {606} Be7 {5} 12. b3 {
259} e5 {151} 13. a4 {647} Rf7 {86} 14. Ba3 {131} Qf8 {4} 15. Qd2 {90} Be6 {17}
16. Qc3 {600} Bd5 {4} 17. Rae1 {9} Nd4 {301} 18. Nfd2 {109} Ne6 {122} 19. Nc4 {
208} Re8 {417} 20. Bc1 {132} h6 {1509} 21. Ng3 {476} Bd8 {121} 22. Nf5 {631}
Bc7 {6} 23. Nce3 {133} Rd7 {204} 24. Qd2 {502} Nf4 {841} 25. Ba3 {7} Qf7 {206}
26. Nxd5 {171} cxd5 {79} 27. Bxc5 {67} Qg6 {43} 28. Ng3 {58} h5 {22} 29. Be3 {
103} Rde7 {7} 30. Qd1 {36} Ba5 {91} 31. Bxf4 {25} Bxe1 {3} 32. Bc1 {32} Bb4 {
164} 33. Nxh5 {21} d4 {23} 34. Ng3 {29} Rc7 {47} 35. f4 {42} exf4 {29} 36. Bxf4
{7} Rce7 {24} 37. Qf3 {20} Rc8 {121} 38. Bd6 {65} Bxd6 {26} 39. Qd5+ {3} Qf7 {
87} 40. Qxd6 {5} Rd7 {206} 41. Qb4 {452} Rxc2 {22} 42. Qb8+ {159} Qf8 {731} 43.
Qb5 {16} Qc8 {63} 44. Rf4 {213} Rc5 {310} 45. Qb4 {32} a5 {378} 46. Qb6 {341}
Rc1+ {20} 47. Nf1 {24} Rd5 {342} 48. b4 {221} Rc6 {45} 49. Qa7 {9} axb4 {55}
50. Rxd4 {363} Ra6 {265} 51. Rc4 {36} Rxa7 {2} 52. Rxc8+ {5} Kh7 0-1